[Event "Göteborg Open 2016"]
[Site "Idrottsvägen 2, Mölnlycke, Sweden"]
[Date "2016.08.20"]
[Round "5.6"]
[White "Winsnes, Rikard"]
[Black "Eriksson, Kristian"]
[Result "1-0"]
[BlackElo "2054"]
[WhiteElo "2395"]
[LiveChessVersion "1.4.8"]

1. g3 {[%clk 1:28:11]} e5 {[%clk 1:29:56]} 2. c4 {[%clk 1:27:58]} Nf6
{[%clk 1:29:56]} 3. Bg2 {[%clk 1:28:11]} h6 {[%clk 1:29:50]} 4. a3
{[%clk 1:21:27]} Nc6 {[%clk 1:26:59]} 5. Nc3 {[%clk 1:21:36]} a5 {[%clk 1:24:59]}
6. e3 {[%clk 1:20:45]} Bc5 {[%clk 1:23:48]} 7. Nge2 {[%clk 1:20:25]} O-O
{[%clk 1:21:17]} 8. O-O {[%clk 1:19:54]} d6 {[%clk 1:20:28]} 9. h3
{[%clk 1:07:59]} Re8 {[%clk 1:16:19]} 10. d3 {[%clk 1:05:50]} Bd7
{[%clk 1:11:58]} 11. Kh2 {[%clk 1:04:41]} Qc8 {[%clk 1:09:22]} 12. Rb1
{[%clk 1:00:54]} Ne7 {[%clk 1:04:11]} 13. b4 {[%clk 0:54:16]} axb4
{[%clk 0:59:46]} 14. axb4 {[%clk 0:54:43]} Bb6 {[%clk 0:56:09]} 15. c5
{[%clk 0:52:34]} Ba7 {[%clk 0:54:38]} 16. d4 {[%clk 0:52:41]} exd4
{[%clk 0:48:32]} 17. Nxd4 {[%clk 0:49:53]} dxc5 {[%clk 0:38:32]} 18. bxc5
{[%clk 0:49:32]} Nc6 {[%clk 0:36:17]} 19. Nxc6 {[%clk 0:32:10]} Bxc6
{[%clk 0:35:19]} 20. Bxc6 {[%clk 0:31:48]} bxc6 {[%clk 0:35:44]} 21. Bb2
{[%clk 0:23:43]} Bxc5 {[%clk 0:30:42]} 22. Qf3 {[%clk 0:19:20]} Qe6
{[%clk 0:27:11]} 23. Rfc1 {[%clk 0:18:36]} Ba3 {[%clk 0:18:56]} 24. Ne2
{[%clk 0:16:33]} Ne4 {[%clk 0:15:58]} 25. Nd4 {[%clk 0:13:36]} Qa2
{[%clk 0:15:32]} 26. Qe2 {[%clk 0:09:10]} Rab8 {[%clk 0:13:12]} 27. Bxa3
{[%clk 0:09:20]} Qxa3 {[%clk 0:13:23]} 28. Rxb8 {[%clk 0:05:56]} Rxb8
{[%clk 0:13:44]} 29. Rxc6 {[%clk 0:05:31]} Rb2 {[%clk 0:09:35]} 30. Rc2
{[%clk 0:05:40]} Rxc2 {[%clk 0:09:12]} 31. Qxc2 {[%clk 0:05:55]} Qe7
{[%clk 0:06:44]} 32. Nc6 {[%clk 0:05:19]} Qe6 {[%clk 0:06:22]} 33. Nd4
{[%clk 0:04:37]} Qe7 {[%clk 0:06:20]} 34. Kg2 {[%clk 0:02:59]} g6
{[%clk 0:04:44]} 35. Qc6 {[%clk 0:03:12]} Nd6 {[%clk 0:03:42]} 36. Kg1
{[%clk 0:03:07]} Kh7 {[%clk 0:03:24]} 37. h4 {[%clk 0:03:35]} h5 {[%clk 0:03:01]}
38. Ne2 {[%clk 0:02:26]} Ne4 {[%clk 0:02:25]} 39. Nf4 {[%clk 0:02:26]} Nf6
{[%clk 0:02:29]} 40. Kf1 {[%clk 0:00:38]} Qe5 {[%clk 0:01:38]} 41. Qc4
{[%clk 0:00:54]} Kg7 {[%clk 0:01:36]} 42. Nd3 {[%clk 0:00:56]} Qe7
{[%clk 0:01:16]} 43. Qc3 {[%clk 0:01:10]} Kh7 {[%clk 0:00:59]} 44. Nf4
{[%clk 0:01:37]} Qd6 {[%clk 0:01:03]} 45. Nh3 {[%clk 0:01:42]} Qd1+
{[%clk 0:00:51]} 46. Kg2 {[%clk 0:02:11]} Qd5+ {[%clk 0:01:01]} 47. f3
{[%clk 0:01:58]} Ng4 {[%clk 0:00:50]} 48. Ng5+ {[%clk 0:01:29]} Kg8
{[%clk 0:01:18]} 49. Ne4 {[%clk 0:01:51]} Qa2+ {[%clk 0:00:57]} 50. Nd2
{[%clk 0:02:19]} Ne5 {[%clk 0:01:03]} 51. f4 {[%clk 0:01:05]} Nc4
{[%clk 0:01:01]} 52. Qxc4 {[%clk 0:01:33]} Qxd2+ {[%clk 0:01:25]} 53. Kf3
{[%clk 0:01:59]} Qd1+ {[%clk 0:01:23]} 54. Kf2 {[%clk 0:01:39]} Qd2+
{[%clk 0:01:19]} 55. Kf3 {[%clk 0:02:07]} Qd1+ {[%clk 0:01:42]} 56. Ke4
{[%clk 0:01:57]} Qd7 {[%clk 0:01:14]} 57. Qd4 {[%clk 0:01:07]} Qe6+
{[%clk 0:01:09]} 58. Kf3 {[%clk 0:01:25]} Qg4+ {[%clk 0:00:56]} 59. Kf2
{[%clk 0:01:49]} Qc8 {[%clk 0:00:52]} 60. Qc5 {[%clk 0:02:03]} Qb7
{[%clk 0:01:02]} 61. f5 {[%clk 0:01:42]} Qb2+ {[%clk 0:00:43]} 62. Kf3
{[%clk 0:02:10]} Qf6 {[%clk 0:01:02]} 63. e4 {[%clk 0:02:35]} g5 {[%clk 0:00:35]}
64. hxg5 {[%clk 0:01:40]} Qxg5 {[%clk 0:01:03]} 65. Qxc7 {[%clk 0:02:02]} Qg4+
{[%clk 0:00:55]} 66. Ke3 {[%clk 0:02:25]} Qh3 {[%clk 0:00:38]} 67. Qf4
{[%clk 0:02:26]} Qh1 {[%clk 0:00:41]} 68. Qg5+ {[%clk 0:01:54]} Kf8
{[%clk 0:00:43]} 69. Qd8+ {[%clk 0:00:56]} Kg7 {[%clk 0:01:11]} 70. Qd2
{[%clk 0:01:08]} h4 {[%clk 0:00:53]} 71. gxh4 {[%clk 0:00:57]} Qh3+
{[%clk 0:01:03]} 72. Kd4 {[%clk 0:01:25]} Qxh4 {[%clk 0:01:23]} 73. Qg2+
{[%clk 0:01:32]} Kf6 {[%clk 0:01:01]} 74. Kd5 {[%clk 0:01:49]} Qf4
{[%clk 0:01:07]} 75. Qb2+ {[%clk 0:02:11]} Ke7 {[%clk 0:01:03]} 76. Qb4+
{[%clk 0:01:18]} Kd7 {[%clk 0:00:53]} 77. Qb7+ {[%clk 0:00:49]} Kd8
{[%clk 0:01:03]} 78. Qxf7 {[%clk 0:01:00]} Qd2+ {[%clk 0:01:06]} 79. Ke6
{[%clk 0:01:12]} Qa2+ {[%clk 0:00:46]} 80. Kf6 {[%clk 0:01:40]} 1-0

[Event "Göteborg Open 2016"]
[Site "Idrottsvägen 2, Mölnlycke, Sweden"]
[Date "2016.08.20"]
[Round "5.7"]
[White "Arduin, Antoine"]
[Black "Ernst, Thomas"]
[Result "1-0"]
[BlackElo "2357"]
[WhiteElo "2150"]
[LiveChessVersion "1.4.8"]

1. d4 {[%clk 1:29:41]} Nf6 {[%clk 1:30:36]} 2. c4 {[%clk 1:29:53]} e6
{[%clk 1:30:39]} 3. Nc3 {[%clk 1:30:09]} Bb4 {[%clk 1:31:01]} 4. e3
{[%clk 1:30:30]} O-O {[%clk 1:31:20]} 5. Nge2 {[%clk 1:30:45]} d5
{[%clk 1:31:09]} 6. a3 {[%clk 1:31:09]} Be7 {[%clk 1:31:31]} 7. cxd5
{[%clk 1:31:32]} exd5 {[%clk 1:31:43]} 8. g3 {[%clk 1:31:49]} c6 {[%clk 1:29:58]}
9. Bg2 {[%clk 1:32:13]} Bf5 {[%clk 1:29:13]} 10. O-O {[%clk 1:31:16]} Re8
{[%clk 1:26:18]} 11. f3 {[%clk 1:27:53]} Bf8 {[%clk 1:26:30]} 12. g4
{[%clk 1:24:08]} Bd7 {[%clk 1:26:41]} 13. g5 {[%clk 1:20:51]} Nh5
{[%clk 1:26:40]} 14. e4 {[%clk 1:20:27]} dxe4 {[%clk 1:23:17]} 15. fxe4
{[%clk 1:20:10]} Bg4 {[%clk 1:23:14]} 16. h3 {[%clk 1:17:15]} Bxe2
{[%clk 1:23:37]} 17. Nxe2 {[%clk 1:17:36]} g6 {[%clk 1:21:41]} 18. Be3
{[%clk 1:06:30]} Na6 {[%clk 1:20:45]} 19. Qb3 {[%clk 1:03:50]} Qd7
{[%clk 1:15:48]} 20. Rf2 {[%clk 1:01:59]} Re7 {[%clk 1:16:08]} 21. Raf1
{[%clk 0:58:56]} Bg7 {[%clk 1:13:34]} 22. e5 {[%clk 0:48:47]} Qe6
{[%clk 1:10:04]} 23. d5 {[%clk 0:33:09]} Qxe5 {[%clk 1:10:24]} 24. Bd4
{[%clk 0:32:46]} Qxd4 {[%clk 1:03:40]} 25. Nxd4 {[%clk 0:32:41]} Bxd4
{[%clk 1:04:04]} 26. dxc6 {[%clk 0:27:54]} bxc6 {[%clk 1:04:16]} 27. Qc4
{[%clk 0:23:54]} Bxf2+ {[%clk 1:03:45]} 28. Rxf2 {[%clk 0:24:22]} Nc7
{[%clk 1:04:01]} 29. Bxc6 {[%clk 0:23:54]} Rd8 {[%clk 1:03:30]} 30. Qc5
{[%clk 0:15:47]} Kf8 {[%clk 1:02:32]} 31. Qxa7 {[%clk 0:14:46]} Ng3
{[%clk 0:54:31]} 32. Kh2 {[%clk 0:12:23]} Nf5 {[%clk 0:53:07]} 33. a4
{[%clk 0:11:52]} Ne6 {[%clk 0:51:52]} 34. Qb6 {[%clk 0:11:36]} Rd6
{[%clk 0:49:38]} 35. b4 {[%clk 0:10:35]} Kg7 {[%clk 0:48:43]} 36. b5
{[%clk 0:08:29]} Nxg5 {[%clk 0:44:22]} 37. Qc5 {[%clk 0:07:09]} Ne6
{[%clk 0:43:14]} 38. Qc3+ {[%clk 0:06:27]} Ned4 {[%clk 0:42:46]} 39. a5
{[%clk 0:04:41]} Re3 {[%clk 0:42:49]} 40. Qa1 {[%clk 0:03:22]} f6
{[%clk 0:41:49]} 41. a6 {[%clk 0:02:53]} Nxc6 {[%clk 0:40:29]} 42. bxc6
{[%clk 0:03:18]} Rdd3 {[%clk 0:40:48]} 43. Rxf5 {[%clk 0:02:47]} gxf5
{[%clk 0:39:59]} 44. Qg1+ {[%clk 0:02:11]} Kf7 {[%clk 0:40:22]} 45. Qg2
{[%clk 0:01:59]} Ra3 {[%clk 0:40:16]} 46. c7 {[%clk 0:01:43]} Rec3
{[%clk 0:40:37]} 47. c8=Q {[%clk 0:00:58]} Rxc8 {[%clk 0:40:51]} 48. Qb7+
{[%clk 0:01:22]} Kg6 {[%clk 0:41:14]} 49. Qxc8 {[%clk 0:01:47]} 1-0

[Event "Göteborg Open 2016"]
[Site "Idrottsvägen 2, Mölnlycke, Sweden"]
[Date "2016.08.20"]
[Round "5.8"]
[White "Efroimski, Marsel"]
[Black "Petersson, Baldur Teodor"]
[Result "1/2-1/2"]
[BlackElo "2019"]
[WhiteElo "2329"]
[LiveChessVersion "1.4.8"]

1. e4 {[%clk 1:30:19]} c5 {[%clk 1:28:57]} 2. Nc3 {[%clk 1:30:44]} e6
{[%clk 1:29:05]} 3. Nge2 {[%clk 1:31:10]} a6 {[%clk 1:28:07]} 4. g3
{[%clk 1:31:35]} Qc7 {[%clk 1:26:50]} 5. Bg2 {[%clk 1:31:42]} d6 {[%clk 1:25:58]}
6. O-O {[%clk 1:28:43]} Nc6 {[%clk 1:22:56]} 7. d4 {[%clk 1:28:18]} cxd4
{[%clk 1:22:28]} 8. Nxd4 {[%clk 1:28:47]} Bd7 {[%clk 1:20:53]} 9. Be3
{[%clk 1:18:37]} Nf6 {[%clk 1:19:35]} 10. f4 {[%clk 1:18:08]} Be7
{[%clk 1:16:06]} 11. Nb3 {[%clk 1:17:39]} Rd8 {[%clk 1:13:12]} 12. g4
{[%clk 1:10:19]} d5 {[%clk 1:10:05]} 13. exd5 {[%clk 1:02:04]} exd5
{[%clk 1:09:19]} 14. g5 {[%clk 1:02:12]} Bg4 {[%clk 0:58:51]} 15. Qe1
{[%clk 0:57:51]} d4 {[%clk 0:58:08]} 16. gxf6 {[%clk 0:56:52]} gxf6
{[%clk 0:57:12]} 17. Bxc6+ {[%clk 0:55:37]} Qxc6 {[%clk 0:56:52]} 18. Nxd4
{[%clk 0:55:34]} Rxd4 {[%clk 0:56:38]} 19. Bxd4 {[%clk 0:55:59]} Rg8
{[%clk 0:56:54]} 20. Qg3 {[%clk 0:50:15]} Kf8 {[%clk 0:55:36]} 21. Kf2
{[%clk 0:49:55]} f5 {[%clk 0:41:41]} 22. Rae1 {[%clk 0:26:16]} Bh4
{[%clk 0:27:25]} 23. Re8+ {[%clk 0:25:02]} Kxe8 {[%clk 0:24:30]} 24. Qxh4
{[%clk 0:25:20]} Kd7 {[%clk 0:24:34]} 25. Ke1 {[%clk 0:17:44]} Kc8
{[%clk 0:21:40]} 26. Qf6 {[%clk 0:14:14]} Re8+ {[%clk 0:18:12]} 27. Kd2
{[%clk 0:14:35]} Re6 {[%clk 0:18:18]} 28. Qh8+ {[%clk 0:13:50]} Re8
{[%clk 0:18:41]} 29. Qg7 {[%clk 0:11:33]} Qc4 {[%clk 0:16:06]} 30. Re1
{[%clk 0:10:37]} Rd8 {[%clk 0:15:47]} 31. Ke3 {[%clk 0:10:56]} Qc6
{[%clk 0:15:34]} 32. Rf1 {[%clk 0:09:51]} Qc4 {[%clk 0:15:03]} 33. Rf2
{[%clk 0:09:25]} Re8+ {[%clk 0:15:12]} 34. Kd2 {[%clk 0:08:16]} Rd8
{[%clk 0:15:33]} 35. h3 {[%clk 0:04:51]} Bh5 {[%clk 0:09:28]} 36. Ke3
{[%clk 0:02:37]} Re8+ {[%clk 0:09:52]} 37. Kd2 {[%clk 0:02:51]} Rd8
{[%clk 0:10:17]} 38. Kc1 {[%clk 0:01:15]} Qxd4 {[%clk 0:09:28]} 39. Qxd4
{[%clk 0:01:26]} Rxd4 {[%clk 0:09:52]} 40. b3 {[%clk 0:01:21]} f6
{[%clk 0:09:33]} 41. Kb2 Kd7 {[%clk 0:08:22]} 42. Nb1 {[%clk 0:00:37]} Re4
{[%clk 0:07:49]} 43. Nd2 {[%clk 0:00:48]} Re3 {[%clk 0:07:42]} 44. Rg2
{[%clk 0:01:09]} Bg6 {[%clk 0:07:40]} 45. Rh2 {[%clk 0:01:34]} Bf7
{[%clk 0:07:33]} 46. c4 {[%clk 0:01:32]} Kc6 {[%clk 0:07:14]} 47. Kc2
{[%clk 0:01:42]} b5 {[%clk 0:07:25]} 48. cxb5+ {[%clk 0:01:43]} axb5
{[%clk 0:07:49]} 49. Kb2 {[%clk 0:01:07]} Bd5 {[%clk 0:07:42]} 50. a3
{[%clk 0:00:49]} h5 {[%clk 0:07:14]} 51. Kc2 {[%clk 0:00:51]} 1/2-1/2

[Event "Göteborg Open 2016"]
[Site "Idrottsvägen 2, Mölnlycke, Sweden"]
[Date "2016.08.20"]
[Round "5.9"]
[White "Hattab, Hashim"]
[Black "Åkesson, Joel"]
[Result "0-1"]
[BlackElo "2294"]
[WhiteElo "1910"]
[LiveChessVersion "1.4.8"]

1. d4 {[%clk 1:30:34]} Nf6 {[%clk 1:30:11]} 2. c4 {[%clk 1:30:11]} e6
{[%clk 1:30:32]} 3. Nc3 {[%clk 1:29:56]} Bb4 {[%clk 1:30:55]} 4. e3
{[%clk 1:29:27]} b6 {[%clk 1:30:44]} 5. Bd3 {[%clk 1:28:06]} Bb7 {[%clk 1:30:33]}
6. f3 {[%clk 1:28:08]} O-O {[%clk 1:19:34]} 7. Nge2 {[%clk 1:28:05]} d5
{[%clk 1:17:00]} 8. O-O {[%clk 1:26:51]} c5 {[%clk 1:09:08]} 9. a3
{[%clk 1:26:16]} dxc4 {[%clk 1:00:02]} 10. Bxc4 {[%clk 1:26:10]} Bxc3
{[%clk 0:51:16]} 11. bxc3 {[%clk 1:25:29]} Qc7 {[%clk 0:48:53]} 12. Bd3
{[%clk 1:24:21]} e5 {[%clk 0:34:59]} 13. dxe5 {[%clk 1:18:56]} Qxe5
{[%clk 0:35:15]} 14. Qe1 {[%clk 1:19:11]} Rd8 {[%clk 0:32:03]} 15. Bc4
{[%clk 1:16:35]} Nc6 {[%clk 0:27:31]} 16. e4 {[%clk 1:15:16]} Na5
{[%clk 0:26:24]} 17. Bf4 {[%clk 1:14:00]} Qe7 {[%clk 0:26:42]} 18. Bb5
{[%clk 1:08:49]} Nh5 {[%clk 0:22:47]} 19. g4 {[%clk 0:58:15]} Nxf4
{[%clk 0:20:44]} 20. Nxf4 {[%clk 0:58:23]} a6 {[%clk 0:18:25]} 21. Be2
{[%clk 0:58:14]} c4 {[%clk 0:16:45]} 22. Qf2 {[%clk 0:56:18]} b5 {[%clk 0:14:43]}
23. Qe3 {[%clk 0:51:39]} Nb3 {[%clk 0:13:28]} 24. Ra2 {[%clk 0:51:19]} Qc5
{[%clk 0:11:36]} 25. Kf2 {[%clk 0:51:29]} Qxe3+ {[%clk 0:11:24]} 26. Kxe3
{[%clk 0:51:47]} Nc5 {[%clk 0:11:15]} 27. h4 {[%clk 0:49:54]} Na4
{[%clk 0:09:10]} 28. Rc2 {[%clk 0:49:48]} Rd7 {[%clk 0:08:48]} 29. Rd1
{[%clk 0:50:06]} Re7 {[%clk 0:07:02]} 30. Rd6 {[%clk 0:48:11]} Rae8
{[%clk 0:06:47]} 31. Nd5 {[%clk 0:43:01]} Re6 {[%clk 0:05:46]} 32. Rxe6
{[%clk 0:42:25]} fxe6 {[%clk 0:06:09]} 33. Nf4 {[%clk 0:42:04]} e5
{[%clk 0:05:13]} 34. Nh5 {[%clk 0:41:42]} Kf7 {[%clk 0:04:26]} 35. Ng3
{[%clk 0:41:17]} Bc8 {[%clk 0:04:30]} 36. f4 {[%clk 0:37:34]} exf4+
{[%clk 0:03:52]} 37. Kxf4 {[%clk 0:34:59]} Rd8 {[%clk 0:04:06]} 38. Nf5
{[%clk 0:34:35]} g6 {[%clk 0:03:29]} 39. Nd4 {[%clk 0:34:08]} Nxc3
{[%clk 0:02:00]} 40. Bxc4+ {[%clk 0:32:50]} Kg7 {[%clk 0:00:40]} 41. Ne6+
{[%clk 0:30:58]} Bxe6 {[%clk 0:00:52]} 42. Bxe6 {[%clk 0:31:12]} Rd3
{[%clk 0:01:11]} 43. g5 {[%clk 0:30:37]} a5 {[%clk 0:01:33]} 44. Ke5
{[%clk 0:29:48]} Re3 {[%clk 0:01:36]} 45. Bd5 {[%clk 0:29:29]} Nxd5
{[%clk 0:01:23]} 46. Kxd5 {[%clk 0:29:48]} Rxa3 {[%clk 0:00:52]} 47. Rc7+
{[%clk 0:30:02]} Kf8 {[%clk 0:01:05]} 48. Ke6 {[%clk 0:30:15]} b4
{[%clk 0:01:14]} 49. Rxh7 {[%clk 0:29:50]} Re3 {[%clk 0:01:05]} 50. e5
{[%clk 0:29:54]} b3 {[%clk 0:01:15]} 51. Rb7 {[%clk 0:27:27]} a4 {[%clk 0:01:26]}
52. Kf6 {[%clk 0:27:54]} Rf3+ {[%clk 0:01:45]} 53. Kxg6 {[%clk 0:27:54]} a3
{[%clk 0:02:05]} 54. Kh6 {[%clk 0:24:53]} a2 {[%clk 0:02:16]} 55. g6
{[%clk 0:24:51]} Rg3 {[%clk 0:02:34]} 56. Rf7+ {[%clk 0:21:35]} Ke8
{[%clk 0:02:49]} 57. e6 {[%clk 0:16:20]} a1=Q {[%clk 0:02:38]} 58. g7
{[%clk 0:16:41]} Rxg7 {[%clk 0:02:39]} 59. Rxg7 {[%clk 0:17:06]} Qf6+
{[%clk 0:02:52]} 0-1

[Event "Göteborg Open 2016"]
[Site "Idrottsvägen 2, Mölnlycke, Sweden"]
[Date "2016.08.20"]
[Round "5.10"]
[White "Mohammadi, Amir"]
[Black "Hägglund, Lars"]
[Result "1-0"]
[BlackElo "1844"]
[WhiteElo "2288"]
[LiveChessVersion "1.4.8"]

1. e4 {[%clk 1:30:55]} c5 {[%clk 1:30:59]} 2. Nc3 {[%clk 1:31:19]} g6
{[%clk 1:31:27]} 3. g3 {[%clk 1:31:43]} Bg7 {[%clk 1:31:55]} 4. Bg2
{[%clk 1:32:06]} Nc6 {[%clk 1:32:23]} 5. d3 {[%clk 1:32:29]} d6 {[%clk 1:32:51]}
6. Be3 {[%clk 1:32:52]} Nf6 {[%clk 1:33:18]} 7. h3 {[%clk 1:32:48]} O-O
{[%clk 1:32:32]} 8. Qd2 {[%clk 1:33:13]} Nd4 {[%clk 1:32:21]} 9. Nce2
{[%clk 1:32:56]} e5 {[%clk 1:31:36]} 10. c3 {[%clk 1:33:14]} Nxe2
{[%clk 1:30:26]} 11. Nxe2 {[%clk 1:33:40]} d5 {[%clk 1:29:39]} 12. Bxc5
{[%clk 1:32:25]} Re8 {[%clk 1:28:10]} 13. Be3 {[%clk 1:29:38]} dxe4
{[%clk 1:27:32]} 14. dxe4 {[%clk 1:30:01]} Qa5 {[%clk 1:27:26]} 15. O-O
{[%clk 1:30:07]} Be6 {[%clk 1:27:40]} 16. b3 {[%clk 1:29:48]} Red8
{[%clk 1:21:06]} 17. Qc2 {[%clk 1:28:30]} Bf8 {[%clk 1:13:16]} 18. Bg5
{[%clk 1:17:23]} Bg7 {[%clk 1:05:04]} 19. a4 {[%clk 1:16:17]} Rac8
{[%clk 1:03:13]} 20. c4 {[%clk 1:15:48]} Rd7 {[%clk 0:54:31]} 21. Nc3
{[%clk 1:15:39]} a6 {[%clk 0:51:07]} 22. Rfd1 {[%clk 1:13:44]} Rdc7
{[%clk 0:47:16]} 23. Qd2 {[%clk 1:09:29]} Qb6 {[%clk 0:45:27]} 24. Rab1
{[%clk 1:08:32]} Rd7 {[%clk 0:39:37]} 25. Nd5 {[%clk 1:05:57]} Bxd5
{[%clk 0:36:01]} 26. exd5 {[%clk 1:05:53]} Qd6 {[%clk 0:33:58]} 27. Rbc1
{[%clk 1:05:22]} Rdc7 {[%clk 0:31:34]} 28. Be3 {[%clk 0:54:11]} Nd7
{[%clk 0:31:19]} 29. Bf1 {[%clk 0:54:16]} b6 {[%clk 0:23:25]} 30. b4
{[%clk 0:53:08]} Bf8 {[%clk 0:22:26]} 31. a5 {[%clk 0:48:38]} Qxb4
{[%clk 0:21:20]} 32. Qxb4 {[%clk 0:45:09]} Bxb4 {[%clk 0:21:45]} 33. axb6
{[%clk 0:45:33]} Rb7 {[%clk 0:20:06]} 34. c5 {[%clk 0:45:57]} Nxc5
{[%clk 0:19:48]} 35. Bxa6 {[%clk 0:46:21]} Nxa6 {[%clk 0:18:14]} 36. Rxc8+
{[%clk 0:46:44]} Kg7 {[%clk 0:18:33]} 37. Ra1 {[%clk 0:46:41]} Nb8
{[%clk 0:18:45]} 38. Ra7 {[%clk 0:46:56]} 1-0

[Event "Göteborg Open 2016"]
[Site "Idrottsvägen 2, Mölnlycke, Sweden"]
[Date "2016.08.20"]
[Round "6.1"]
[White "Kazakovskiy, Valeriy"]
[Black "Blomqvist, Erik"]
[Result "1-0"]
[BlackElo "2557"]
[WhiteElo "2342"]
[LiveChessVersion "1.4.8"]

1. d4 {[%clk 1:30:56]} d5 {[%clk 1:30:51]} 2. c4 {[%clk 1:31:19]} c6
{[%clk 1:31:17]} 3. cxd5 {[%clk 1:31:41]} cxd5 {[%clk 1:31:42]} 4. Nc3
{[%clk 1:32:02]} Nf6 {[%clk 1:32:05]} 5. Bg5 {[%clk 1:32:27]} e6 {[%clk 1:32:19]}
6. e3 {[%clk 1:32:39]} Nc6 {[%clk 1:32:40]} 7. Bd3 {[%clk 1:33:01]} Be7
{[%clk 1:32:49]} 8. f4 {[%clk 1:32:35]} Bd7 {[%clk 1:28:42]} 9. Nf3
{[%clk 1:32:35]} Ng4 {[%clk 1:25:35]} 10. Qe2 {[%clk 1:28:12]} f6
{[%clk 1:21:53]} 11. Bh4 {[%clk 1:13:25]} f5 {[%clk 1:22:11]} 12. Bxe7
{[%clk 1:13:07]} Qxe7 {[%clk 1:22:34]} 13. h3 {[%clk 1:11:07]} Nf6
{[%clk 1:22:43]} 14. g4 {[%clk 1:07:21]} Ne4 {[%clk 1:20:47]} 15. Bxe4
{[%clk 1:06:24]} fxe4 {[%clk 1:20:57]} 16. Ne5 {[%clk 1:06:14]} Nxe5
{[%clk 1:21:07]} 17. dxe5 {[%clk 1:06:25]} O-O {[%clk 1:20:17]} 18. O-O
{[%clk 1:05:09]} Rac8 {[%clk 1:19:42]} 19. Rac1 {[%clk 1:02:08]} Rc5
{[%clk 1:15:40]} 20. Rc2 {[%clk 0:56:28]} Rfc8 {[%clk 1:02:00]} 21. Rfc1
{[%clk 0:55:02]} Be8 {[%clk 0:58:36]} 22. Qd2 {[%clk 0:50:53]} Qc7
{[%clk 0:57:39]} 23. Qd1 {[%clk 0:46:28]} Qc6 {[%clk 0:49:16]} 24. Kg2
{[%clk 0:44:40]} a5 {[%clk 0:48:05]} 25. Kg3 {[%clk 0:42:58]} Kh8
{[%clk 0:42:06]} 26. Rd2 {[%clk 0:40:23]} Qb6 {[%clk 0:39:17]} 27. Qb3
{[%clk 0:36:58]} Qa6 {[%clk 0:32:32]} 28. Qa3 {[%clk 0:28:35]} Bb5
{[%clk 0:23:48]} 29. Rdd1 {[%clk 0:24:40]} Kg8 {[%clk 0:21:51]} 30. Ne2
{[%clk 0:20:40]} b6 {[%clk 0:19:32]} 31. Rxc5 {[%clk 0:19:28]} bxc5
{[%clk 0:19:51]} 32. Nc3 {[%clk 0:19:49]} Bd3 {[%clk 0:14:52]} 33. Na4
{[%clk 0:18:50]} Bc2 {[%clk 0:14:20]} 34. Rd2 {[%clk 0:16:20]} Qc4
{[%clk 0:11:53]} 35. Nb6 {[%clk 0:16:30]} 1-0

[Event "Göteborg Open 2016"]
[Site "Idrottsvägen 2, Mölnlycke, Sweden"]
[Date "2016.08.20"]
[Round "6.2"]
[White "Golubka, Petro"]
[Black "Westerberg, Jonathan"]
[Result "1-0"]
[BlackElo "2488"]
[WhiteElo "2373"]
[LiveChessVersion "1.4.8"]

1. d4 {[%clk 1:28:25]} d5 {[%clk 1:30:51]} 2. Nf3 {[%clk 1:28:51]} Nf6
{[%clk 1:31:14]} 3. c4 {[%clk 1:29:11]} dxc4 {[%clk 1:31:35]} 4. Nc3
{[%clk 1:29:34]} a6 {[%clk 1:31:34]} 5. e3 {[%clk 1:29:22]} b5 {[%clk 1:31:23]}
6. a4 {[%clk 1:29:51]} b4 {[%clk 1:31:06]} 7. Nb1 {[%clk 1:29:58]} e6
{[%clk 1:31:01]} 8. Bxc4 {[%clk 1:30:25]} Bb7 {[%clk 1:28:48]} 9. O-O
{[%clk 1:30:42]} Be7 {[%clk 1:29:12]} 10. Nbd2 {[%clk 1:31:01]} c5
{[%clk 1:28:24]} 11. Nb3 {[%clk 1:29:19]} Nbd7 {[%clk 1:24:22]} 12. a5
{[%clk 1:28:56]} O-O {[%clk 1:23:52]} 13. Bd2 {[%clk 1:28:55]} Qb8
{[%clk 1:21:41]} 14. h3 {[%clk 1:29:01]} Rc8 {[%clk 1:20:48]} 15. Rc1
{[%clk 1:28:41]} cxd4 {[%clk 1:17:36]} 16. exd4 {[%clk 1:28:50]} Bd5
{[%clk 1:12:18]} 17. Bxd5 {[%clk 1:29:01]} Nxd5 {[%clk 1:11:53]} 18. Qe2
{[%clk 1:29:16]} Qb7 {[%clk 1:11:43]} 19. Ne5 {[%clk 1:25:07]} Nxe5
{[%clk 1:06:28]} 20. dxe5 {[%clk 1:24:56]} Bf8 {[%clk 1:01:43]} 21. g3
{[%clk 1:12:50]} Rxc1 {[%clk 0:59:03]} 22. Rxc1 {[%clk 1:13:13]} Rc8
{[%clk 0:59:30]} 23. Rxc8 {[%clk 1:13:26]} Qxc8 {[%clk 0:59:59]} 24. Qd3
{[%clk 1:13:41]} g6 {[%clk 0:58:52]} 25. Nd4 {[%clk 1:12:01]} Bg7
{[%clk 0:46:44]} 26. Nf3 {[%clk 1:10:19]} h6 {[%clk 0:42:51]} 27. Kf1
{[%clk 1:08:46]} Qc6 {[%clk 0:41:05]} 28. Ke2 {[%clk 1:08:55]} Kh7
{[%clk 0:38:02]} 29. h4 {[%clk 1:07:25]} Qc5 {[%clk 0:32:14]} 30. Qxa6
{[%clk 1:04:52]} Qc2 {[%clk 0:32:43]} 31. h5 {[%clk 1:03:49]} Qe4+
{[%clk 0:32:05]} 32. Be3 {[%clk 1:03:57]} Nxe3 {[%clk 0:32:08]} 33. hxg6+
{[%clk 1:02:42]} fxg6 {[%clk 0:31:52]} 34. fxe3 {[%clk 1:02:15]} Qc2+
{[%clk 0:26:35]} 35. Nd2 {[%clk 1:01:35]} Qxb2 {[%clk 0:25:59]} 36. Qb7
{[%clk 1:00:02]} Qxe5 {[%clk 0:14:59]} 37. a6 {[%clk 1:00:06]} Qh5+
{[%clk 0:12:58]} 38. Nf3 {[%clk 0:58:56]} Qg4 {[%clk 0:12:26]} 39. e4
{[%clk 0:55:16]} Qh3 {[%clk 0:01:19]} 40. a7 {[%clk 0:49:57]} Qg2+
{[%clk 0:01:43]} 41. Ke3 {[%clk 0:50:16]} Qc2 {[%clk 0:01:59]} 42. Nd2
{[%clk 0:47:47]} Qc5+ {[%clk 0:01:00]} 43. Ke2 {[%clk 0:47:34]} Qh5+
{[%clk 0:00:41]} 44. Kd3 {[%clk 0:47:12]} Qe5 {[%clk 0:00:37]} 45. a8=Q
{[%clk 0:47:14]} Qxg3+ {[%clk 0:01:03]} 46. Kc2 {[%clk 0:47:20]} Qc3+
{[%clk 0:01:30]} 47. Kd1 {[%clk 0:47:46]} h5 {[%clk 0:01:50]} 1-0